logo

Bir Sreshtho Munshi Abdur Rouf Library
Jhenaidah Cadet College

Writing : (Record no. 9232)

MARC details
000 -LEADER
fixed length control field 00882cam a2200289 a 4500
003 - CONTROL NUMBER IDENTIFIER
control field 9232
005 - DATE AND TIME OF LATEST TRANSACTION
control field 20180529122059.0
007 - PHYSICAL DESCRIPTION FIXED FIELD--GENERAL INFORMATION
fixed length control field ta
008 - FIXED-LENGTH DATA ELEMENTS--GENERAL INFORMATION
fixed length control field 180312s1984 ilua b 001 0 eng
010 ## - LIBRARY OF CONGRESS CONTROL NUMBER
LC control number 83016470
020 ## - INTERNATIONAL STANDARD BOOK NUMBER
International Standard Book Number 0673155250 :
Terms of availability $13.95
035 ## - SYSTEM CONTROL NUMBER
System control number 9232
040 ## - CATALOGING SOURCE
Original cataloging agency DLC
Transcribing agency DLC
Modifying agency DLC
Language of cataloging eng
050 00 - LIBRARY OF CONGRESS CALL NUMBER
Classification number PE1408
Item number .P62 1984
082 00 - DEWEY DECIMAL CLASSIFICATION NUMBER
Classification number 808/.042
Edition number 19
Item number POD 1984
100 1# - MAIN ENTRY--PERSONAL NAME
Personal name Podis, Leonard A.
245 10 - TITLE STATEMENT
Title Writing :
Remainder of title invention, form, and style /
Statement of responsibility, etc. Leonard A. Podis, JoAnne M. Podis.
260 ## - PUBLICATION, DISTRIBUTION, ETC.
Place of publication, distribution, etc. Glenview, Ill. :
Name of publisher, distributor, etc. Scott, Foresman,
Date of publication, distribution, etc. c1984.
300 ## - PHYSICAL DESCRIPTION
Extent xv, 558 p. :
Other physical details ill. ;
Dimensions 24 cm.
504 ## - BIBLIOGRAPHY, ETC. NOTE
Bibliography, etc. note Includes bibliographical references and index.
650 #0 - SUBJECT ADDED ENTRY--TOPICAL TERM
Topical term or geographic name entry element English language
General subdivision Rhetoric.
650 #0 - SUBJECT ADDED ENTRY--TOPICAL TERM
Topical term or geographic name entry element Invention (Rhetoric)
650 #0 - SUBJECT ADDED ENTRY--TOPICAL TERM
Topical term or geographic name entry element Report writing.
700 1# - ADDED ENTRY--PERSONAL NAME
Personal name Podis, JoAnne M.
906 ## - LOCAL DATA ELEMENT F, LDF (RLIN)
a 7
b cbc
c orignew
d 1
e ocip
f 19
g y-gencatlg
942 ## - ADDED ENTRY ELEMENTS (KOHA)
Source of classification or shelving scheme Dewey Decimal Classification
Koha item type Books
Holdings
Withdrawn status Lost status Source of classification or shelving scheme Damaged status Not for loan Home library Current library Shelving location Date acquired Total Checkouts Full call number Barcode Date last seen Date last checked out Copy number Price effective from Koha item type
    Dewey Decimal Classification     JCC Rouf Library JCC Rouf Library General Stacks 03/12/2018 1 808/.042 POD 1984 12327 03/07/2024 03/03/2024 C - 1 03/12/2018 Books

JCC Library | Contacts | JCC Home

Last Update on 23 September 2017
Copyright @ 2017-2020 JCC Rouf Library
Rouf Library, Jhenidah Cadet College (JCC), Bangladesh